[Event "Iran Chess Championship Semi Final 2015 "]
[Site "Rasht , Iran"]
[Date "2015.12.16"]
[Round "6"]
[Board "6"]
[White "Mousavi, Seyed Khalil"]
[Black "Khatibi, Meysam"]
[Result "1-0"]
[WhiteElo "2434"]
[BlackElo "2172"]
[PlyCount "0"]
[EventDate "2015.12.13"]
[EventRounds "9"]
[EventCountry "IRI"]

1. c4 {[%clk 1:30:55]} c5 {[%clk 1:29:35]} 2. Nf3 {[%clk 1:31:02]} Nf6
{[%clk 1:29:28]} 3. g3 {[%clk 1:30:10]} b6 {[%clk 1:29:47]} 4. Bg2
{[%clk 1:30:03]} Bb7 {[%clk 1:30:02]} 5. Nc3 {[%clk 1:29:33]} d6 {[%clk 1:29:52]}
6. d4 {[%clk 1:28:44]} cxd4 {[%clk 1:29:49]} 7. Qxd4 {[%clk 1:29:12]} Nc6
{[%clk 1:29:45]} 8. Qf4 {[%clk 1:26:45]} e6 {[%clk 1:05:03]} 9. O-O
{[%clk 1:26:16]} Be7 {[%clk 1:04:58]} 10. Rd1 {[%clk 1:25:56]} a6
{[%clk 1:00:29]} 11. b3 {[%clk 1:25:00]} Qc7 {[%clk 0:47:00]} 12. Ba3
{[%clk 1:19:06]} Rd8 {[%clk 0:47:05]} 13. Rd2 {[%clk 1:13:57]} Na7
{[%clk 0:46:20]} 14. Rad1 {[%clk 1:08:34]} Nc8 {[%clk 0:45:02]} 15. e4
{[%clk 0:59:20]} O-O {[%clk 0:42:38]} 16. Bb2 {[%clk 0:59:24]} Nd7
{[%clk 0:29:26]} 17. h4 {[%clk 0:55:05]} Bc6 {[%clk 0:24:28]} 18. Qe3
{[%clk 0:50:21]} Rfe8 {[%clk 0:23:06]} 19. g4 {[%clk 0:45:11]} Ne5
{[%clk 0:17:28]} 20. g5 {[%clk 0:41:15]} Nxf3+ {[%clk 0:17:11]} 21. Qxf3
{[%clk 0:40:29]} b5 {[%clk 0:10:09]} 22. cxb5 {[%clk 0:39:38]} axb5
{[%clk 0:10:31]} 23. Ne2 {[%clk 0:39:34]} Bb7 {[%clk 0:06:12]} 24. Qg3
{[%clk 0:38:47]} Qa5 {[%clk 0:06:22]} 25. h5 {[%clk 0:36:16]} b4 {[%clk 0:05:45]}
26. f4 {[%clk 0:35:33]} Qa8 {[%clk 0:04:09]} 27. g6 {[%clk 0:32:02]} Bf8
{[%clk 0:01:20]} 28. gxf7+ {[%clk 0:24:58]} Kxf7 {[%clk 0:01:49]} 29. h6
{[%clk 0:25:08]} g6 {[%clk 0:01:39]} 30. f5 {[%clk 0:25:03]} exf5
{[%clk 0:01:50]} 31. exf5 {[%clk 0:24:29]} Bxg2 {[%clk 0:00:44]} 32. fxg6+
{[%clk 0:17:45]} Kg8 {[%clk 0:01:09]} 33. Nf4 {[%clk 0:16:27]} Be4
{[%clk 0:01:21]} 34. Nh5 {[%clk 0:10:01]} Re6 {[%clk 0:01:37]} 35. Nf6+
{[%clk 0:08:23]} Rxf6 {[%clk 0:02:05]} 36. Bxf6 {[%clk 0:08:36]} Re8
{[%clk 0:01:40]} 37. g7 {[%clk 0:07:06]} Be7 {[%clk 0:01:09]} 38. Rf1
{[%clk 0:07:30]} Qa7+ {[%clk 0:00:55]} 39. Bd4 {[%clk 0:07:16]} Qa5
{[%clk 0:00:39]} 40. Rdf2 {[%clk 0:06:10]} Bg6 {[%clk 0:01:03]} 41. Qf4
{[%clk 0:05:13]} Qd8 {[%clk 0:01:28]} 42. Qg4 {[%clk 0:05:25]} Bh4
{[%clk 0:00:32]} 43. Qe6+ {[%clk 0:05:05]} 1-0

[Event "Iran Chess Championship Semi Final 2015 "]
[Site "Rasht , Iran"]
[Date "2015.12.16"]
[Round "6"]
[Board "7"]
[White "Behmardi, K Rustam"]
[Black "Gholami, Aryan"]
[Result "1-0"]
[WhiteElo "2302"]
[BlackElo "2422"]
[PlyCount "0"]
[EventDate "2015.12.13"]
[EventRounds "9"]
[EventCountry "IRI"]

1. e4 {[%clk 1:30:28]} c5 {[%clk 1:30:43]} 2. Nf3 {[%clk 1:30:37]} e6
{[%clk 1:30:50]} 3. d4 {[%clk 1:30:51]} cxd4 {[%clk 1:30:52]} 4. Nxd4
{[%clk 1:31:13]} a6 {[%clk 1:30:49]} 5. Nc3 {[%clk 1:30:34]} Qc7 {[%clk 1:30:59]}
6. Be2 {[%clk 1:30:48]} Nf6 {[%clk 1:28:25]} 7. O-O {[%clk 1:30:57]} Nc6
{[%clk 1:25:54]} 8. Be3 {[%clk 1:30:18]} Be7 {[%clk 1:21:26]} 9. Kh1
{[%clk 1:27:55]} b5 {[%clk 1:19:44]} 10. a3 {[%clk 1:24:27]} Bb7 {[%clk 1:16:00]}
11. f4 {[%clk 1:24:48]} d6 {[%clk 1:14:43]} 12. Qe1 {[%clk 1:17:38]} O-O
{[%clk 1:12:02]} 13. Qg3 {[%clk 1:16:54]} Rad8 {[%clk 0:48:39]} 14. Bd3
{[%clk 1:01:08]} Nxd4 {[%clk 0:47:00]} 15. Bxd4 {[%clk 1:01:23]} Nh5
{[%clk 0:41:42]} 16. Qh3 {[%clk 0:42:08]} Nxf4 {[%clk 0:37:52]} 17. Rxf4
{[%clk 0:42:06]} e5 {[%clk 0:38:20]} 18. Nd5 {[%clk 0:41:50]} Bxd5
{[%clk 0:38:01]} 19. exd5 {[%clk 0:42:12]} g6 {[%clk 0:38:08]} 20. Raf1
{[%clk 0:12:37]} f5 {[%clk 0:23:05]} 21. Bxf5 {[%clk 0:12:51]} gxf5
{[%clk 0:22:52]} 22. Rxf5 {[%clk 0:13:14]} Qxc2 {[%clk 0:19:22]} 23. Qg3+
{[%clk 0:11:19]} Kh8 {[%clk 0:19:48]} 24. Bxe5+ {[%clk 0:11:30]} dxe5
{[%clk 0:19:45]} 25. Qxe5+ {[%clk 0:11:53]} Kg8 {[%clk 0:19:59]} 26. Qe6+
{[%clk 0:12:05]} Kh8 {[%clk 0:19:36]} 27. Qxe7 {[%clk 0:12:08]} Rxf5
{[%clk 0:19:22]} 28. Qxd8+ {[%clk 0:12:33]} Kg7 {[%clk 0:19:46]} 29. Qd7+
{[%clk 0:12:47]} Kg6 {[%clk 0:20:00]} 30. Qe6+ {[%clk 0:12:21]} Kg5
{[%clk 0:20:27]} 31. Rxf5+ {[%clk 0:12:26]} Qxf5 {[%clk 0:20:54]} 32. h4+
{[%clk 0:12:38]} Kf4 {[%clk 0:21:01]} 33. g3+ {[%clk 0:13:02]} Kg4
{[%clk 0:21:24]} 34. b4 {[%clk 0:13:24]} h5 {[%clk 0:21:14]} 35. Kh2
{[%clk 0:13:28]} 1-0

[Event "Iran Chess Championship Semi Final 2015 "]
[Site "Rasht , Iran"]
[Date "2015.12.16"]
[Round "6"]
[Board "8"]
[White "Sadeh, Shahin"]
[Black "Asgharzadeh, M.Reza"]
[Result "1-0"]
[WhiteElo "2284"]
[BlackElo "2278"]
[PlyCount "0"]
[EventDate "2015.12.13"]
[EventRounds "9"]
[EventCountry "IRI"]

1. c4 {[%clk 1:30:56]} e5 {[%clk 1:14:26]} 2. Nc3 {[%clk 1:31:24]} Nc6
{[%clk 1:14:36]} 3. g3 {[%clk 1:31:47]} Bc5 {[%clk 1:13:11]} 4. Bg2
{[%clk 1:31:47]} Nf6 {[%clk 1:12:58]} 5. e3 {[%clk 1:31:05]} O-O {[%clk 1:10:07]}
6. Nge2 {[%clk 1:31:03]} Re8 {[%clk 1:03:55]} 7. O-O {[%clk 1:27:58]} d6
{[%clk 0:58:46]} 8. d4 {[%clk 1:23:21]} Bb6 {[%clk 0:56:19]} 9. h3
{[%clk 1:05:23]} Ne7 {[%clk 0:42:31]} 10. b4 {[%clk 0:53:43]} c6 {[%clk 0:41:21]}
11. c5 {[%clk 0:48:37]} Bc7 {[%clk 0:29:01]} 12. dxe5 {[%clk 0:42:30]} dxe5
{[%clk 0:28:49]} 13. e4 {[%clk 0:37:38]} a5 {[%clk 0:18:01]} 14. b5
{[%clk 0:37:27]} Be6 {[%clk 0:16:56]} 15. Qc2 {[%clk 0:30:20]} Qc8
{[%clk 0:12:07]} 16. b6 {[%clk 0:27:56]} Bd8 {[%clk 0:12:33]} 17. Kh2
{[%clk 0:27:59]} Ng6 {[%clk 0:12:48]} 18. a4 {[%clk 0:25:35]} Bc4
{[%clk 0:11:53]} 19. Nd1 {[%clk 0:24:24]} Ba6 {[%clk 0:09:32]} 20. Ne3
{[%clk 0:24:48]} Be7 {[%clk 0:09:46]} 21. Nf5 {[%clk 0:21:23]} Bf8
{[%clk 0:09:40]} 22. Re1 {[%clk 0:18:51]} Qe6 {[%clk 0:08:14]} 23. Ra3
{[%clk 0:18:59]} Red8 {[%clk 0:07:28]} 24. Rc3 {[%clk 0:17:33]} Rd7
{[%clk 0:06:39]} 25. h4 {[%clk 0:15:44]} Rad8 {[%clk 0:06:12]} 26. Bh3
{[%clk 0:16:05]} Qe8 {[%clk 0:06:41]} 27. f3 {[%clk 0:15:26]} Rd3
{[%clk 0:06:43]} 28. Bg5 {[%clk 0:14:43]} Rxc3 {[%clk 0:05:29]} 29. Nxc3
{[%clk 0:15:05]} Bxc5 {[%clk 0:05:47]} 30. Nd5 {[%clk 0:11:32]} Nxd5
{[%clk 0:02:06]} 31. Bxd8 {[%clk 0:08:48]} Qxd8 {[%clk 0:00:54]} 32. Qxc5
{[%clk 0:09:08]} Qxb6 {[%clk 0:00:44]} 33. Qxb6 {[%clk 0:05:34]} Nxb6
{[%clk 0:01:13]} 34. h5 {[%clk 0:05:34]} Nf8 {[%clk 0:00:44]} 35. Ne7+
{[%clk 0:05:51]} Kh8 {[%clk 0:01:13]} 36. Rd1 {[%clk 0:06:21]} g6
{[%clk 0:00:36]} 37. h6 {[%clk 0:06:43]} f5 {[%clk 0:00:33]} 38. Rd8
{[%clk 0:06:10]} Nbd7 {[%clk 0:00:57]} 39. exf5 1-0

[Event "Iran Chess Championship Semi Final 2015 "]
[Site "Rasht , Iran"]
[Date "2015.12.16"]
[Round "6"]
[Board "9"]
[White "Mosadeghpour, Masoud"]
[Black "Tahbaz, Arash"]
[Result "1-0"]
[WhiteElo "2479"]
[BlackElo "2297"]
[PlyCount "0"]
[EventDate "2015.12.13"]
[EventRounds "9"]
[EventCountry "IRI"]

1. e4 {[%clk 1:19:04]} c5 {[%clk 1:30:42]} 2. Nf3 {[%clk 1:18:59]} e6
{[%clk 1:31:03]} 3. d4 {[%clk 1:19:23]} cxd4 {[%clk 1:31:26]} 4. c3
{[%clk 1:19:49]} Nf6 {[%clk 1:31:45]} 5. e5 {[%clk 1:17:47]} Nd5 {[%clk 1:32:08]}
6. cxd4 {[%clk 1:18:11]} d6 {[%clk 1:32:24]} 7. Bc4 {[%clk 1:18:36]} Nb6
{[%clk 1:23:25]} 8. Bd3 {[%clk 1:17:44]} Nc6 {[%clk 1:22:09]} 9. O-O
{[%clk 1:15:00]} dxe5 {[%clk 1:07:42]} 10. dxe5 {[%clk 1:15:21]} Nb4
{[%clk 1:06:48]} 11. Be4 {[%clk 1:15:24]} Qxd1 {[%clk 1:05:55]} 12. Rxd1
{[%clk 1:15:52]} Bd7 {[%clk 1:06:09]} 13. Nc3 {[%clk 1:14:56]} Bc6
{[%clk 0:59:24]} 14. Bxc6+ {[%clk 0:54:45]} Nxc6 {[%clk 0:45:49]} 15. Nb5
{[%clk 0:51:05]} Nd5 {[%clk 0:40:48]} 16. Rxd5 {[%clk 0:38:36]} exd5
{[%clk 0:41:08]} 17. Nc7+ {[%clk 0:39:02]} Kd7 {[%clk 0:41:20]} 18. Nxa8
{[%clk 0:39:30]} Be7 {[%clk 0:27:15]} 19. Bg5 {[%clk 0:37:56]} Rxa8
{[%clk 0:23:00]} 20. Rd1 {[%clk 0:38:06]} h6 {[%clk 0:21:58]} 21. Bxe7
{[%clk 0:36:54]} Nxe7 {[%clk 0:22:09]} 22. Nd4 {[%clk 0:37:04]} Ng6
{[%clk 0:19:09]} 23. Nf5 {[%clk 0:34:17]} Rg8 {[%clk 0:11:48]} 24. Re1
{[%clk 0:30:20]} Rc8 {[%clk 0:07:38]} 25. Nxg7 {[%clk 0:16:03]} Nxe5
{[%clk 0:06:41]} 26. h4 {[%clk 0:14:49]} Nf3+ {[%clk 0:06:27]} 27. gxf3
{[%clk 0:14:21]} Rg8 {[%clk 0:06:56]} 28. Re5 {[%clk 0:13:48]} Rxg7+
{[%clk 0:06:52]} 29. Kf1 {[%clk 0:14:12]} Kd6 {[%clk 0:07:15]} 30. Re8
{[%clk 0:12:51]} f6 {[%clk 0:01:11]} 31. Rh8 {[%clk 0:08:43]} Rc7
{[%clk 0:01:23]} 32. Rxh6 {[%clk 0:08:47]} Ke6 {[%clk 0:01:01]} 33. h5
{[%clk 0:07:56]} Rc2 {[%clk 0:01:20]} 34. Rh7 {[%clk 0:06:10]} Rxb2
{[%clk 0:01:47]} 35. h6 {[%clk 0:06:00]} Rxa2 {[%clk 0:00:47]} 36. Re7+
{[%clk 0:05:21]} Kxe7 {[%clk 0:00:36]} 37. h7 {[%clk 0:05:50]} Ra1+
{[%clk 0:00:49]} 38. Kg2 {[%clk 0:06:07]} Ra6 {[%clk 0:00:39]} 39. h8=Q
{[%clk 0:06:32]} Kd7 {[%clk 0:00:32]} 40. Qb8 {[%clk 0:04:43]} Kc6
{[%clk 0:00:45]} 41. Qd8 {[%clk 0:04:59]} Rb6 {[%clk 0:00:32]} 42. Qxf6+
{[%clk 0:05:20]} Kc5 {[%clk 0:00:55]} 43. Qc3+ {[%clk 0:05:40]} Kb5
{[%clk 0:01:09]} 44. f4 {[%clk 0:05:45]} Rd6 {[%clk 0:01:09]} 45. Qe5
{[%clk 0:05:44]} Kc6 {[%clk 0:01:38]} 46. f5 {[%clk 0:05:40]} d4 {[%clk 0:02:07]}
47. f6 {[%clk 0:05:38]} d3 {[%clk 0:02:35]} 48. f7 {[%clk 0:05:54]} 1-0

[Event "Iran Chess Championship Semi Final 2015 "]
[Site "Rasht , Iran"]
[Date "2015.12.16"]
[Round "6"]
[Board "10"]
[White "Bagheri, Maziar"]
[Black "Mahjoob Zardast, Morteza"]
[Result "1/2-1/2"]
[WhiteElo "2237"]
[BlackElo "2381"]
[PlyCount "0"]
[EventDate "2015.12.13"]
[EventRounds "9"]
[EventCountry "IRI"]

1. Nf3 {[%clk 1:29:21]} c5 {[%clk 1:30:23]} 2. c4 {[%clk 1:29:43]} Nc6
{[%clk 1:30:15]} 3. Nc3 {[%clk 1:30:07]} e5 {[%clk 1:29:09]} 4. d3
{[%clk 1:30:12]} g6 {[%clk 1:27:41]} 5. g3 {[%clk 1:30:31]} Bg7 {[%clk 1:27:34]}
6. Bg2 {[%clk 1:30:44]} d6 {[%clk 1:27:22]} 7. O-O {[%clk 1:31:04]} Nge7
{[%clk 1:27:38]} 8. Rb1 {[%clk 1:31:08]} O-O {[%clk 1:27:26]} 9. a3
{[%clk 1:31:34]} a5 {[%clk 1:27:54]} 10. Bd2 {[%clk 1:29:26]} Rb8
{[%clk 1:11:33]} 11. Ne1 {[%clk 1:24:38]} Be6 {[%clk 1:09:12]} 12. Nc2
{[%clk 1:21:26]} d5 {[%clk 1:08:47]} 13. cxd5 {[%clk 1:21:04]} Nxd5
{[%clk 1:09:11]} 14. Ne4 {[%clk 1:15:16]} b6 {[%clk 1:06:21]} 15. b4
{[%clk 1:12:45]} cxb4 {[%clk 1:00:28]} 16. axb4 {[%clk 1:13:11]} Ndxb4
{[%clk 0:57:25]} 17. Nxb4 {[%clk 1:13:03]} Nxb4 {[%clk 0:57:52]} 18. Bxb4
{[%clk 1:13:19]} axb4 {[%clk 0:58:20]} 19. Rxb4 {[%clk 1:13:38]} f5
{[%clk 0:57:18]} 20. Nc3 {[%clk 1:05:49]} e4 {[%clk 0:57:38]} 21. Nb5
{[%clk 1:03:59]} exd3 {[%clk 0:56:12]} 22. exd3 {[%clk 1:03:14]} Rf7
{[%clk 0:54:09]} 23. Re1 {[%clk 0:52:40]} Bd5 {[%clk 0:53:06]} 24. Re8+
{[%clk 0:49:51]} Qxe8 {[%clk 0:53:24]} 25. Bxd5 {[%clk 0:50:13]} Rd8
{[%clk 0:45:05]} 26. Qb3 {[%clk 0:48:42]} Kf8 {[%clk 0:45:14]} 27. Bxf7
{[%clk 0:31:57]} Qxf7 {[%clk 0:45:39]} 28. Rc4 {[%clk 0:32:19]} Kg8
{[%clk 0:42:59]} 29. h4 {[%clk 0:27:05]} Bf6 {[%clk 0:39:24]} 30. Kh2
{[%clk 0:21:05]} f4 {[%clk 0:37:46]} 31. Rb4 {[%clk 0:19:38]} fxg3+
{[%clk 0:38:09]} 32. fxg3 {[%clk 0:19:41]} Qxb3 {[%clk 0:35:28]} 33. Rxb3
{[%clk 0:20:08]} Kf7 {[%clk 0:35:19]} 34. Kg2 {[%clk 0:20:03]} h5
{[%clk 0:27:03]} 35. Kf3 {[%clk 0:20:11]} Be5 {[%clk 0:26:09]} 36. d4
{[%clk 0:20:04]} Bxd4 {[%clk 0:26:09]} 1/2-1/2

[Event "Iran Chess Championship Semi Final 2015 "]
[Site "Rasht , Iran"]
[Date "2015.12.16"]
[Round "6"]
[Board "11"]
[White "Ghaziolsharif, Kaveh"]
[Black "Soozankar, A.M."]
[Result "1/2-1/2"]
[WhiteElo "2260"]
[BlackElo "2321"]
[PlyCount "0"]
[EventDate "2015.12.13"]
[EventRounds "9"]
[EventCountry "IRI"]

1. Nf3 {[%clk 1:29:35]} c5 {[%clk 1:29:47]} 2. g3 {[%clk 1:26:36]} Nc6
{[%clk 1:29:33]} 3. Bg2 {[%clk 1:26:57]} d6 {[%clk 1:29:38]} 4. c4
{[%clk 1:11:13]} g6 {[%clk 1:29:34]} 5. Nc3 {[%clk 1:11:38]} Bg7 {[%clk 1:29:54]}
6. O-O {[%clk 1:12:01]} Nf6 {[%clk 1:30:19]} 7. a3 {[%clk 1:08:56]} O-O
{[%clk 1:30:39]} 8. Rb1 {[%clk 1:09:22]} a5 {[%clk 1:27:48]} 9. d3
{[%clk 0:53:13]} Ne8 {[%clk 1:27:52]} 10. e3 {[%clk 0:46:18]} Nc7
{[%clk 1:25:17]} 11. d4 {[%clk 0:38:40]} cxd4 {[%clk 1:25:10]} 12. Nxd4
{[%clk 0:37:59]} Bd7 {[%clk 1:25:27]} 13. b4 {[%clk 0:36:16]} axb4
{[%clk 1:25:26]} 14. axb4 {[%clk 0:36:25]} Ne6 {[%clk 1:24:21]} 15. Nxc6
{[%clk 0:22:38]} bxc6 {[%clk 1:23:53]} 16. Qc2 {[%clk 0:23:01]} Rb8
{[%clk 1:23:10]} 17. Rd1 {[%clk 0:23:09]} Qc8 {[%clk 1:19:37]} 18. Bd2
{[%clk 0:20:34]} Nc7 {[%clk 1:16:06]} 1/2-1/2

[Event "Iran Chess Championship Semi Final 2015 "]
[Site "Rasht , Iran"]
[Date "2015.12.16"]
[Round "6"]
[Board "12"]
[White "Omidi, Arya"]
[Black "Roohi, Abdolmajid"]
[Result "1/2-1/2"]
[WhiteElo "2236"]
[BlackElo "2201"]
[PlyCount "0"]
[EventDate "2015.12.13"]
[EventRounds "9"]
[EventCountry "IRI"]

1. Nf3 Nf6 2. g3 d5 3. Bg2 e6 4. O-O Be7 5. d4 O-O 6. c4 c6 7. Nc3 Nbd7 8. Qc2 b6
9. cxd5 cxd5 10. Bf4 Bb7 11. Qd3 a6 12. a4 Ne4 13. Nd2 f5 14. f3 Nxd2 15. Qxd2
Nf6 16. Kh1 Rc8 17. Qd3 Qd7 18. Be5 Bb4 19. Bh3 Qe7 20. Na2 Rc6 21. Rac1 Rfc8 22.
Rxc6 Rxc6 23. Bxf6 gxf6 24. Bg2 Rc8 25. e4 dxe4 26. fxe4 Rd8 27. Qc4 Bd2 28. exf5
Bd5 29. Qe2 Bxa2 30. Qxd2 e5 31. Qc2 Bf7 32. dxe5 Qxe5 33. Qf2 Qd4 34. Qc2 Qe5
35. b4 Kg7 36. Qf2 Rd4 37. Rb1 Qd6 38. Qe1 b5 39. axb5 axb5 40. Bf3 Rd3 41. Kg2
Rd2+ 42. Kh3 Qd4 43. Rd1 Rxd1 44. Qxd1 Qxb4 45. Qd7 Qc4 46. Qb7 b4 47. Bh5 Qd5
48. Qxd5 Bxd5 49. Be2 Ba2 50. Kg4 Bb1 51. Bd1 Kf7 52. Bb3+ Ke7 53. Kf4 Kd6 54. g4
Bd3 55. h4 h6 56. g5 1/2-1/2

[Event "Iran Chess Championship Semi Final 2015 "]
[Site "Rasht , Iran"]
[Date "2015.12.17"]
[Round "7"]
[Board "1"]
[White "Noroozi, Omid"]
[Black "Firouzja, Alireza"]
[Result "0-1"]
[WhiteElo "2380"]
[BlackElo "2372"]
[PlyCount "0"]
[EventDate "2015.12.13"]
[EventRounds "9"]
[EventCountry "IRI"]

1. e4 {[%clk 1:27:00]} c5 {[%clk 1:30:54]} 2. Nf3 {[%clk 1:27:24]} d6
{[%clk 1:31:19]} 3. d4 {[%clk 1:27:50]} cxd4 {[%clk 1:31:44]} 4. Nxd4
{[%clk 1:28:17]} Nf6 {[%clk 1:32:07]} 5. Nc3 {[%clk 1:28:43]} a6 {[%clk 1:32:31]}
6. g3 {[%clk 1:29:09]} g6 {[%clk 1:32:36]} 7. Bg2 {[%clk 1:29:34]} Bg7
{[%clk 1:32:59]} 8. O-O {[%clk 1:29:59]} O-O {[%clk 1:20:17]} 9. h3
{[%clk 1:28:18]} Nc6 {[%clk 1:20:41]} 10. Be3 {[%clk 1:28:43]} Bd7
{[%clk 1:20:49]} 11. a4 {[%clk 1:28:20]} Rc8 {[%clk 1:17:29]} 12. Nde2
{[%clk 1:06:23]} Na5 {[%clk 0:49:15]} 13. b3 {[%clk 1:02:38]} b5 {[%clk 0:47:37]}
14. axb5 {[%clk 1:02:11]} axb5 {[%clk 0:47:59]} 15. Qd2 {[%clk 0:57:26]} b4
{[%clk 0:40:58]} 16. Na4 {[%clk 0:51:31]} Rb8 {[%clk 0:39:10]} 17. Nb6
{[%clk 0:38:58]} Rxb6 {[%clk 0:37:08]} 18. Rxa5 {[%clk 0:39:26]} Rb8
{[%clk 0:36:52]} 19. Ra7 {[%clk 0:37:45]} Bb5 {[%clk 0:27:45]} 20. Rd1
{[%clk 0:34:07]} Bxe2 {[%clk 0:26:23]} 21. Qxe2 {[%clk 0:34:24]} Nd7
{[%clk 0:26:00]} 22. f4 {[%clk 0:34:12]} Nb6 {[%clk 0:22:41]} 23. e5
{[%clk 0:28:55]} Nc8 {[%clk 0:21:28]} 24. Ra6 {[%clk 0:29:18]} Qc7
{[%clk 0:20:31]} 25. exd6 {[%clk 0:27:21]} Nxd6 {[%clk 0:19:58]} 26. Ra7
{[%clk 0:27:34]} Qc8 {[%clk 0:20:17]} 27. Rd5 {[%clk 0:22:15]} Qe6
{[%clk 0:19:45]} 28. Qd3 {[%clk 0:14:50]} Rbc8 {[%clk 0:18:33]} 29. Bc5
{[%clk 0:13:58]} Qe1+ {[%clk 0:18:43]} 30. Kh2 {[%clk 0:13:30]} Rxc5
{[%clk 0:18:58]} 31. Rxc5 {[%clk 0:12:53]} Qf2 {[%clk 0:19:22]} 0-1

[Event "Iran Chess Championship Semi Final 2015 "]
[Site "Rasht , Iran"]
[Date "2015.12.17"]
[Round "7"]
[Board "2"]
[White "Tabatabaei, M.Amin"]
[Black "Lorparizangeneh, Shahin"]
[Result "0-1"]
[WhiteElo "2482"]
[BlackElo "2454"]
[PlyCount "0"]
[EventDate "2015.12.13"]
[EventRounds "9"]
[EventCountry "IRI"]

1. d4 {[%clk 1:30:57]} d5 {[%clk 1:30:00]} 2. c4 {[%clk 1:31:19]} c6
{[%clk 1:30:26]} 3. Nf3 {[%clk 1:31:38]} Nf6 {[%clk 1:30:52]} 4. Nc3
{[%clk 1:32:01]} e6 {[%clk 1:31:14]} 5. e3 {[%clk 1:32:24]} Nbd7 {[%clk 1:30:43]}
6. Qc2 {[%clk 1:32:45]} Bd6 {[%clk 1:31:06]} 7. g4 {[%clk 1:33:09]} h6
{[%clk 1:30:06]} 8. Rg1 {[%clk 1:32:48]} a6 {[%clk 1:05:05]} 9. Bd2
{[%clk 1:31:25]} e5 {[%clk 1:02:03]} 10. cxd5 {[%clk 1:18:50]} cxd5
{[%clk 1:01:46]} 11. dxe5 {[%clk 1:18:15]} Nxe5 {[%clk 1:01:59]} 12. Nxe5
{[%clk 1:18:32]} Bxe5 {[%clk 1:02:27]} 13. h3 {[%clk 1:10:46]} Be6
{[%clk 0:54:36]} 14. O-O-O {[%clk 0:57:19]} Rc8 {[%clk 0:52:40]} 15. f4
{[%clk 0:54:12]} Bxc3 {[%clk 0:51:03]} 16. Bxc3 {[%clk 0:54:37]} Ne4
{[%clk 0:51:19]} 17. f5 {[%clk 0:40:11]} Nxc3 {[%clk 0:43:59]} 18. bxc3
{[%clk 0:40:33]} Qa5 {[%clk 0:44:04]} 19. Kb2 {[%clk 0:39:21]} Bd7
{[%clk 0:43:45]} 20. Rd4 {[%clk 0:32:04]} O-O {[%clk 0:38:04]} 21. Bd3
{[%clk 0:31:49]} Rc5 {[%clk 0:34:51]} 22. Qb3 {[%clk 0:21:24]} Rfc8
{[%clk 0:31:11]} 23. Rc1 {[%clk 0:21:48]} Be8 {[%clk 0:24:41]} 24. h4
{[%clk 0:13:51]} Qd8 {[%clk 0:22:45]} 25. e4 {[%clk 0:12:34]} Qxh4
{[%clk 0:22:33]} 26. exd5 {[%clk 0:12:48]} Qh2+ {[%clk 0:22:00]} 27. Rc2
{[%clk 0:12:53]} Qd6 {[%clk 0:20:10]} 28. Kb1 {[%clk 0:07:20]} b5
{[%clk 0:19:14]} 29. Qa3 {[%clk 0:05:26]} Bd7 {[%clk 0:18:59]} 30. Be4
{[%clk 0:05:03]} a5 {[%clk 0:16:15]} 31. Qc1 {[%clk 0:03:02]} Qe5
{[%clk 0:10:46]} 32. Qd2 {[%clk 0:02:28]} Qd6 {[%clk 0:08:57]} 33. g5
{[%clk 0:02:21]} hxg5 {[%clk 0:08:57]} 34. Qxg5 {[%clk 0:02:50]} Qe5
{[%clk 0:08:18]} 35. Qh4 {[%clk 0:01:09]} Rxc3 {[%clk 0:05:11]} 36. Rxc3 Rxc3
{[%clk 0:05:39]} 37. Qd8+ {[%clk 0:01:47]} Be8 {[%clk 0:02:59]} 38. d6
{[%clk 0:01:30]} Rg3 {[%clk 0:00:39]} 39. d7 {[%clk 0:00:40]} Rg1+
{[%clk 0:01:04]} 40. Kc2 {[%clk 0:01:09]} Qc5+ {[%clk 0:00:48]} 41. Kd3
{[%clk 0:01:39]} Qa3+ {[%clk 0:00:45]} 42. Ke2 {[%clk 0:02:07]} Qxa2+
{[%clk 0:01:00]} 43. Rd2 {[%clk 0:00:38]} Qc4+ {[%clk 0:01:28]} 44. Ke3
{[%clk 0:00:37]} Re1+ {[%clk 0:01:00]} 45. Kf2 {[%clk 0:01:06]} Qf1+
{[%clk 0:01:20]} 46. Kg3 {[%clk 0:01:31]} Re3+ {[%clk 0:01:31]} 47. Kg4
{[%clk 0:01:05]} Qh3+ {[%clk 0:01:51]} 0-1